Statistics for U.S. States Word Search #3

Click here to take the quiz!

General Stats

  • This quiz has been taken 837 times
  • The average score is 7 of 9

Answer Stats

State % Correct
Florida
96%
Ohio
93%
Arizona
91%
Alaska
82%
Nevada
81%
Iowa
77%
Idaho
69%
Utah
65%
Hawaii
59%

Score Distribution

Percentile by Number Answered

Percent of People with Each Score

Your Score History

You have not taken this quiz